000 00527nam a22001817a 4500
003 OSt
005 20260226071936.0
008 260226b |||||||| |||| 00| 0 eng d
020 _a971-719-270-3
040 _aDWCL-Main Lib
_cOC
082 _2rev. ed.
_aFil. 512 M539i 2007
100 _aMendoza, Salvacion C.
245 _aIntermediate algebra /
260 _aMarikina City :
_bInstructional Coverage System,
_cc2007.
300 _a262 p. :
_bill. ;
_c26 cm.
650 _aAlgebra.
942 _2ddc
_cBK-FIL
_erev. ed.
_mFil.
_n0
999 _c8580
_d8580